Joueurs de foot dans le rap - Statistiques

Statistiques générales
  • Ce quiz a été pris 906 fois
  • Le résultat moyen est 5 sur 20
Statistiques - réponses
Artiste Joueur % Correct
Maes Numéro 10 sur le rainté, {Dybala}
68%
Booba Plus violent qu'du MMA, qu’une double frappe de {Benzema}
61%
Freeze Corleone Rital dans l'milieu comme {Marco Verratti}
56%
Alpha Wann Rien ne m'arrête, Leicester, {Riyad Mahrez}
53%
Alonzo J’reste au club comme {Totti}, tous les chemins mènent à Roma
50%
SCH J'ai le bras long comme {Neuer}
45%
Gradur Sheguey, j'suis Black, frais, talentueux, un peu comme {Paul Pogba}
44%
Kaaris J'insulte ta daronne comme {Materazzi}
22%
Sultan Les colons sont dépassés, indomptable comme {Samuel Eto'o}
22%
Orelsan Passe-moi l'cro-mi, que j'me serve de ma tête comme le but de {Basile Boli}
17%
Lino De merde fouteur, c'est pas mon heure comme {Anelka}
12%
Niro Technique à la Messi, la force de frappe à {Seedorf}
11%
R.E.D.K J’aurais renforcé mon Arsenal comme fait Wenger avec {Van Persie}
10%
Booba Passement de jambes, frappe d'enculé, à la {Chamakh}
10%
Dinos C'est ironique comme dire que {Djibril Cissé} est mou du genou
9%
Mister You Mec t’arrêteras pas nos balles même si t’engages {Barthez}
8%
Soprano Etre la fierté d'un pays comme {Weah}
5%
Mister You Niveau gonzesse j'ai les même goûts que {Gerard Piqué}
5%
Ninho Sur le terrain comme {Cavani}, ne confonds pas les fans et les fanatiques
5%
Rohff Ils veulent test, aucune équipe de perdant comme {Didier Deschamps}
1%
Aucun quiz correspondant
Distribution des résultats
% des personnes avec chaque résultat
Percentile par nombre de réponses
Votre historique - résultats
Vous n’avez pas pris ce quiz